000 00557nam a2200205Ia 4500
005 20250508165600.0
008 008 250505s9999 xx 000 0 eng d
020 _a978-0-19-285380-6
037 _aTextual
040 _aFEDL
_beng
_cFEDL
041 _aeng
_2eng
084 _a301, BRU
_qFEDL
100 _aBruce Steve
245 0 _aSociology: A very short introduction
260 _aNew Delhi, India
_bOxford University Press
_c1999
300 _a109p.
365 _aINR
_b244
942 _cTEXL
_h301, BRU
999 _c1395996
_d1395996